=LDR 00000nam 2200000 4500 =001 INLIS000000000027950 =005 20130612130305 =008 ***********************************Ind** =035 ##$$0010-061300000027950 =041 ##$$a Ind =082 ##$$a 900 =090 ##$$a 900, Now t =100 ##$$a Novia, Windi =245 ##$$a Tiga Ribu tujuh ratus sembilan puluh dua pilihan nama bagi anak anda, Windi Novia =260 ##$$a 2005 $b Surabaya =300 ##$$a vi, 144 hlm, 21 cm =650 ##$$a Nama-Nama Indah =850 ##$$a NBPNMAT